schnell tippen können part 2 - Statistiken

Allgemein
  • Dieses Quiz wurde 804 mal gespielt
  • Das Durchschnittsergebnis liegt bei 15 aus 15
Antwortstatistiken
Hint Antwort % Korrekt
e e
99%
q q
99%
w w
99%
r r
98%
z z
98%
i i
97%
t t
97%
u u
97%
o o
96%
p p
96%
a a
95%
d d
95%
f f
95%
g g
95%
s s
95%
Keine übereinstimmenden Quizze gefunden
Verteilung der Resultate
Anzahl Personen mit jedem Resultat
Perzentil nach korrekt beantworteten Fragen
Ihre Resultats-Entwicklung
Sie haben dieses Quiz noch nicht gespielt